Quizzes
Events
Quiz Creation
Community
Videos
Private Events
Remove Ads
Sign In
Join for FREE
Feedback
Dark Mode
Quiz Categories
Sports
Geography
Music
Movies
Television
Just For Fun
Miscellaneous
History
Literature
Language
Science
Gaming
Entertainment
Religion
Holiday
For Kids
Quiz Lab
Recent
Popular Today
Quiz Kudos Today
Editor Picks
Curator Picks
Quizzes by...
Day
Popularity
Type
Ratings
Length
Year
Community
Subscriptions
Recent Discussions
Orange Saloon
Badges
Playlists
Quests
Create
Leaderboards
Showdown
Live 5
Trivia Bingo
Activity
Puzzle Library
Sporcle Events
Private Events
Virtual Trivia
Globe League
Become a Host
Pub Owners
SporcleCon
Opinionation
Our Games
Videos
Blog
Mobile Apps
Partnerships
Remove Ads and Go Orange
Feedback
Music
Pop Music
The Beatles
Song
Album
Lyrics
Bands
Singers
Artist
Clip
Rock
Rap
Classical
Billboard
Country Music
Kpop
Taylor Swift
Music
Pop Music
The Beatles
Song
Album
Lyrics
Bands
Singers
Artist
Clip
Rock
Rap
Classical
Billboard
Country Music
Kpop
Taylor Swift
Random Quiz
Search Sporcle
×
Quiz Lab
Quiz Lab
Music
Lyrics
Type in answers that appear in a list
Type in answers that appear in a list
Classic
Best Score? Go Orange.
Don't Forget The Lyrics Stats
Can you name the missing lyrics?
By
TrapperTrevor
7m
15 Questions
177 Plays
177 Plays
177 Plays
Comments
Comments
Give Quiz Kudos
Give Quiz Kudos
-
- Ratings
hide this ad
Replay
Link that replays current quiz
Next Quiz
Link to next quiz in quiz playlist
You Got
0%
They Got
Avg Score
17%
Avg Friend Score
Upgrade to see
Score Distribution
Jump to the score distribution portion of the page
Score
0/15
Timer
07:00
0
Plays Today
Lyrics
Missing Lyrics
% Correct
Aruba, Jamaica ooo I wanna take you to Bermuda, Bahama...
come on pretty mama
58.8%
I'll be your dream, I'll be your wish...
I'll be your fantasy
45.8%
Don't speak. I know just what you're saying...
So please stop explaining
31.6%
I could be brown. I could be blue. I could be violet sky. I could be hurtful. I could be purple
I could be anything you like
28.2%
When you cried I'd wipe away...
all of your tears
26.6%
Don't wanna kiss, don't wanna touch...
Just smoke one cigarette and hush...
16.9%
Red, red wine. Stay close to me...
Don`t let me be alone
11.3%
All of my life. Where have you been...
I wonder if I'll ever see you again
11.3%
Lyrics
Missing Lyrics
% Correct
If I fail, if I succeed...
At least I'll live as I believe
10.2%
But when I kissed that cop down at Thirty-
Fourth and Vine, he broke my little bottle of...
Love Potion No. 9
7.3%
And I know karma's gonna get me back...
for being so cold
4%
Even the days are brighter...
When someone you love's beside ya
1.7%
When the blue night is over my face. On the dark side of...
the world in space
1.7%
Slam, Bam, Thank you ma'am...
Get on the floor and jam...
1.7%
If I can't have anybody else but you, baby don't you know...
what you put me through
0.6%
Quiz Playlist
Details
Report
Send in Message
Add To Playlist
Classic:
Type in answers that appear in a list
Last Updated: Feb 16, 2017
Quiz Scoreboard
CHALLENGE
Sign Up to Join the Scoreboard
Show All
Scores
Hide
Comments
May contain spoilers
Recently Published
Pick 6: Fruits
by JohnFran
Miscellaneous
15s
Click the 1999 NBA Draft
by nibperrychub
Sports
2m
Alphabetical 'K' Countries by Flag Minefield
by ylime102
Geography
3m
More to Explore
Quiz From the Vault
Featured Blog Post
15 Basketball Trivia Facts You Can Be March Mad About
hide this ad
You Might Also Like...
Tags
Lyrics Quiz
forget
Today's Top Quizzes in Music
Browse Music
hide this ad
Today's Top Quizzes in Lyrics
Browse Lyrics
Top Contributed Quizzes in Music
1
Taylor Swift All Songs (2024)
2
Image Sorting: Rock Albums II
3
Image Sorting: Rock Albums III
4
Image Sorting: Rock Albums IV
5
Image Sorting: Rock Albums V
6
Taylor Swift Logic Puzzle
7
Image Sorting: Rock Albums VI
8
Adjectives in 80s Songs
9
Nickname Match: Musicians
10
Image Sorting: Album Titles
Explore More
Trending Topics
Anime
NBA
Kpop
Disney
Marvel
Crossword
Harry Potter
The Office
WWE
Puzzle
Soccer
Pokémon
Song
NFL
Country
hide this ad
More By:
TrapperTrevor
Quiz
Plays
Rating
Category
Featured
Created
Don't Forget The Lyrics
177
1.67
Music
Sep 15, 2010
What's in the Name?
15
Just For Fun
Aug 31, 2010
Go to Creator's Profile
Score Distribution
Quiz Creator Spotlight
TrapperTrevor
Follow
Send a Message
Quizzes Created
-
Created Quiz Play Count
-
More By This Creator
Popular Quizzes Today
1
Countries of Asia Without Outlines Minefield
2
Pick 6: Fruits
3
Find the US States - No Outlines Minefield
4
Alphabetical 'K' Countries by Flag Minefield
5
Click the 1999 NBA Draft
6
The Countries of the World
7
Match the Book to the Film X
8
Find the US States
More Music Quizzes
Odd One Out: Rock Bands
Published
Trending Quizzes
Donkey Kong Minefield
Multiplication Danger Zone
DC Extended Universe: Oldest to Newest
The 3rd Thing You Need to Know: Actresses
Minefield Map: North American Capitals
Recently Updated
Women's Final Four Teams by Year
bhenderson79
Presidents Quartet II
eogle
Anything But Clue(do)
eogle
Anything But Oceanian Capitals
eogle
Anything But 7
eogle
Anything But Thing
eogle
Word Ladder: February 29
pecheneg
Song Title Questions
pecheneg
Women's NCAA Tournament #1 Seeds
pecheneg
Celebrity Mug Shots
pecheneg
Trending Topics
Crossword
Anime
Harry Potter
Marvel
Kpop
NBA
Disney
WWE
Song
Country
The Office
Soccer
NFL
Puzzle
Pokémon
Your Account Isn't Verified!
In order to create a playlist on Sporcle, you need to verify the email address you used during registration. Go to your
Sporcle Settings
to finish the process.
Report this User
Report this user for behavior that violates our
Community Guidelines
.
Details:
Send Report
Go to the Sporcle.com Mobile Site →
Comments